00334pab a2200121 454500008004000000100001700040245006900057260000900126300001500135362000800150650002500158773002900183180718b2013 xxu||||| |||| 00| 0 eng d aKjaer, Ulrik aLocal political leadership: Art of circulating political capital c2013 ap.253-272. aApr aPolitical leadership aLocal Government Studies